| 000 | 00635nam a2200217 a 4500 | ||
|---|---|---|---|
| 005 | 20230315063845.0 | ||
| 008 | 991125s1976 bos 000 0 eng u | ||
| 020 | _a0395206219 | ||
| 035 | _aUPN01000025620 | ||
| 049 | _aCG | ||
| 050 | 4 |
_aLB1027.5 _bS5.4 1976 |
|
| 100 | 1 | _aShertzer, Bruce | |
| 245 | 1 | 0 |
_aFundamentals of guidance / _cBruce Shertzer, Shelley C. Stone. |
| 250 | _a3a ed. | ||
| 260 |
_aBoston, USA : _bHoughton Mifflin : _c1976. |
||
| 300 |
_axii, 522 p. : _bil. |
||
| 650 | 4 |
_aOrientación vocacional _95 |
|
| 650 | 4 |
_aPERSONAL EN EDUCACION _97471 |
|
| 700 | 1 |
_aStone, Shelley C., _d1928-, _ecoaut. |
|
| 905 | _aLibro | ||
| 999 |
_c25620 _d25620 |
||